| 000 | 00730 a2200181 4500 | ||
|---|---|---|---|
| 003 | Nust | ||
| 005 | 20230717094019.0 | ||
| 020 | _a9698112 | ||
| 040 | _cNust | ||
| 082 | _a551.432,AWA | ||
| 100 |
_aAwan ,Naseer Ullah _9113672 |
||
| 245 |
_aThe Unique Mountains / _cNaseer Ullah Awan |
||
| 260 |
_aRawalpindi _bAlpine club of pakistan _c1990 |
||
| 300 | _a269:p | ||
| 505 | _aThe Himalayas (Nanga Parbat/Diamir), The Hindukush Mountains (Page-16), Detailed Information and Sketch Maps of Peaks Situa Ted in Hindukush Range (Page-44), Karakoram Mountain (Page-112), Detailed Information and Sketch Maps of Peaks Situa-Ted in Karakoram Range (Page-172). | ||
| 650 |
_a Unique Mountains _9113673 |
||
| 942 |
_2ddc _cBK _k551.432,AWA |
||
| 999 |
_c183775 _d183775 |
||